سيكولوجية الشخصية/ (Record no. 12528)
[ view plain ]
| 000 -الفاتح | |
|---|---|
| حقل البيانات ثابتة الطول | 00521nam a22001457a 4500 |
| 008 - عناصر البيانات ثابتة الطول - معلومات عامة | |
| حقل البيانات ثابتة الطول | 090804t ua|||||r|||| 000 0 ara d |
| 082 ## - رقم تصنيف ديوى العشرى | |
| رقم التصنيف | 155.2 |
| رقم المادة | م س ت |
| 100 ## - المدخل الرئيسى - إسم شخصى | |
| 9 (RLIN) | 16552 |
| الإسم الشخصى | المستكاوي، طه أحمد |
| 245 ## - بيان العنوان | |
| العنوان | سيكولوجية الشخصية/ |
| بيان المسئوليه,etc | طه أحمد المستكاوي |
| 250 ## - بيان الطبعة | |
| بيان الطبعة | ،ط 3 |
| بقية بيان الطبعة | مزيدة و منقحة |
| 260 ## - PUBLICATION, DISTRIBUTION, ETC. (IMPRINT) | |
| مكان الناشر او الموزع | أسيوط: |
| اسم الناشر او الموزع | جامعة أسيوط ،2002 |
| تاريخ النشر أو التوزيع | 2002 |
| 300 ## - الوصف المادى | |
| التعداد | 352 ص : |
| تفاصيل ماديه اخرى للوعاء | ايض ؛ |
| أبعاد الوعاء | 20 سم |
| 650 ## - المدخل الاضافى بالموضوع-مصطلح موضوعى | |
| 9 (RLIN) | 14220 |
| مصطلح موضوعي أو اسم جغرافي كعنصر مدخل | علم النفس |
| 942 ## - عناصر المدخل الإضافي( كوها) | |
| مصدر التصنيف او مخطط الترفيف | Dewey Decimal Classification |
| Koha [default] item type | Book - Borrowing |
| سابقة رقم الطلب | 155.2 م س ت |
| حالة التراجع | حالة الفقد | مصدر التصنيف او خطة الترفيف | حالة تلف | ليس للاعارة | مجموعات كوها | المكان الدائم | المكان الحالي | موقع الترفيف | تاريخ الاكتساب | Source of acquisition | رقم الاستدعاء | الباركود | Date last seen | نوع الوعاء |
|---|---|---|---|---|---|---|---|---|---|---|---|---|---|---|
| Dewey Decimal Classification | Alef-Baa | Central Library | Central Library | Lower Floor | 21/07/2010 | 155.2 م س ت | 000017643 | 15/07/2025 | Book - Borrowing |